000 00742nam a22001937a 4500
999 _c180884
_d180884
005 20210823130221.0
010 _aUR-11201
020 _c200.00
_a9789383741274
035 _aU-9756
037 _bDBAD/PUB
082 _a808.882
100 _aمر تبہ:نا ر نگ سا قی
245 _aشگفتکی و بر جستگی قلم کا ر و ں کی (ا د بی لطا يف )
_cمر تبہ:نا ر نگ سا قی
246 _aShaguftagi Wa Barjastagi Qalam Karon Ki (Urdu)
_bby Narang Saqui
260 _aN Delhi
_c2019 ء
_bM.R.Publications
270 _a#10 Metropol Market,2724-25Kucha Chelan Daryaganj,
_bN.Delhi
_e110002
_l09810784549
300 _a360 ص
_c22 Cm(Hb)
942 _2ddc
_cUR
_h808.882
_mن ا ر